000 00877nam a2200277 i 4500
003 DO-SdBNP
005 20231116090301.0
008 090925s198- dr ||||| |||| 00| 0 eng d
040 _aDO-SdBNP
_bspa
_cBNPHU
_erda
049 _a
082 4 _a862.62
_bG216b 198-
_222
100 _aGarcía Lorca, Federico,
_d1898-1936
_914727
245 1 0 _aBodas de sangre /
_cFederico García Lorca.
250 _a16a. edición
260 _bAlfa y Omega,
_c1993.
264 1 _aSanto Domingo :
_b[editor no identificado],
_c[198-].
300 _a123 páginas
_c18 cm.
336 _2rdacontent
_atexto
_btxt
337 _2rdamedia
_asin mediación
_bn
338 _2rdacarrier
_avolumen
_bnc
590 _aInventariado,2023/ YL
650 4 _aTeatro española
_94843
650 4 _aLiteratura española
_978332
910 _aYLockward/ Validado. Control de calidad MFF
942 _2ddc
_cLBS1
999 _c55512
_d55512